All Countries and Locations in the Grishaverse - Statistics

General Stats
  • This quiz has been taken 129 times
  • The average score is 7 of 18
Answer Stats
Hint Answer % Correct
Ice, Djerholm, Matthias Fjerda
99%
The Lantsov Emerald, Kribirsk, Alina Ravka
98%
The Firebird, Koba, Kuwei Shu han
77%
Division, Darkness, Darkling, Volcra The Unsea (Shadow Fold)
77%
Trading, Ketterdam, Kaz Kerch
76%
Peaceful, Weddle, Jesper Novyi Zem
69%
Big body of water The True Sea
38%
Morozova's Stag found, Ice, Mikhael and Dubrov say goodbye Permafrost
25%
West of previous, Nina was captured here The Wandering Isle
22%
The Sea Whip (Rusayle), Sturmhond's Boat Bone Road
20%
Is it owned by above or below?, farming Southern Colonies
19%
Mountains of the Firebird Sikurzoi
13%
Mountains in central above Petrazoi
11%
Road The Vy
11%
Wilderness, Ice, Where Morozova's Herd was first spotted Tsibeya
10%
Southern part of below, lots of harbors Eames Chin
6%
Northern Sea Isenvee
5%
Northern Islands, Part of another country Kenst Hjerte
3%
No matching quizzes found
Score Distribution
Percent of People with Each Score
Percentile by Number Answered
Your Score History
You have not taken this quiz